[Event "Euro Online U2300 Day 2"]
[Site "chess.com INT"]
[Date "2020.05.26"]
[Round "1"]
[White "Jaroch, Pawel"]
[Black "Kamer, Kayra"]
[Result "1/2-1/2"]
[BlackTitle "FM"]
[WhiteElo "2199"]
[BlackElo "2325"]
[WhiteFideId "1124366"]
[BlackFideId "6367879"]
[EventDate "2020.05.26"]

1. d4 Nf6 2. c4 g6 3. g3 Bg7 4. Bg2 O-O 5. Nc3 c6 6. Nf3 d6 7. O-O Qa5 8. Qd2 e5
9. dxe5 dxe5 10. Nd5 Qxd2 11. Nxf6+ Bxf6 12. Nxd2 Be6 13. Ne4 Be7 14. b3 f5 15.
Nc3 Nd7 16. Rd1 Rfd8 17. Bb2 Kf7 18. Nd5 Bd6 19. Nf4 Nc5 20. Nxe6 Kxe6 21. Rd2
Be7 22. Rad1 Rxd2 23. Rxd2 Rd8 24. Rxd8 Bxd8 25. Bc3 Bf6 26. Bd2 Bd8 27. Kf1 Nd7
28. e4 Bb6 29. Ke2 Nf6 30. exf5+ gxf5 31. h3 Bd4 32. Bg5 Nd7 33. h4 Nc5 34. Bd2
a6 35. f3 b5 36. cxb5 cxb5 37. g4 e4 38. g5 Ke5 39. f4+ Ke6 40. h5 Nd3 41. Be3
Bxe3 42. Kxe3 Nc1 43. Bh3 Nxa2 44. h6 Nb4 45. g6 Nd5+ 46. Kd4 Nf6 47. g7 Ng8 48.
Kc5 Nxh6 49. Kb6 e3 50. Bf1 Kd5 51. Kxa6 Kc5 52. Bxb5 Kb4 53. Bc4 e2 54. Bxe2
Kxb3 55. Kb5 Kc3 56. Kc5 Kd2 57. Bh5 Ke3 58. Bf7 Kxf4 59. g8=Q Nxg8 60. Bxg8 h5
61. Kd4 h4 62. Bd5 h3 63. Kd3 Kg3 64. Ke2 f4 65. Bf3 h2 66. Bh1 f3+ 67. Bxf3
h1=Q 68. Bxh1 1/2-1/2

[Event "Euro Online U2300 Day 2"]
[Site "chess.com INT"]
[Date "2020.05.26"]
[Round "1"]
[White "Stabulnieks, Klavs"]
[Black "Guliev, Logman"]
[Result "1/2-1/2"]
[BlackTitle "IM"]
[WhiteElo "2204"]
[BlackElo "2273"]
[WhiteFideId "11603984"]
[BlackFideId "13400061"]
[EventDate "2020.05.26"]

1. d4 Nf6 2. c4 e6 3. Nc3 Bb4 4. f3 d5 5. a3 Bxc3+ 6. bxc3 c5 7. cxd5 exd5 8. e3
O-O 9. Bd3 Re8 10. Ne2 b6 11. O-O Ba6 12. Ng3 Bxd3 13. Qxd3 Nc6 14. Ra2 Rc8 15.
Re2 Qd7 16. Rd1 g6 17. e4 cxd4 18. cxd4 dxe4 19. fxe4 Ne5 20. Qb3 Nc4 21. Bg5
Qc6 22. Qf3 Nd7 23. Rf2 f6 24. Bxf6 Rf8 25. e5 Nxf6 26. exf6 Qxf3 27. Rxf3 Rc6
28. Ne4 Re6 29. Rf4 Ne3 30. Rc1 Nd5 31. Rh4 Nxf6 32. Ng5 Re2 33. h3 Re7 34. Rf4
h6 35. Nf3 Kg7 36. Ne5 g5 37. Rf3 Rd8 38. Rc4 Rd6 39. g3 b5 40. Rc5 Rb7 41. Rc6
Rxc6 42. Nxc6 Rc7 43. Ne5 Rc2 44. h4 g4 45. Rf4 Rc3 46. Kg2 h5 47. d5 Nxd5 48.
Rf7+ Kg8 49. Rxa7 Ne3+ 50. Kf2 Nf5 51. Ra5 Rb3 52. a4 b4 53. Nc4 Nxg3 54. Rb5
Ne4+ 55. Kg2 Rc3 56. Rxb4 Rc2+ 57. Kg1 g3 58. Ne3 Rc1+ 59. Kg2 Nf6 60. Kxg3 Rc3
61. Kf4 Rxe3 62. Kxe3 Nd5+ 63. Ke4 Nxb4 64. Kf5 Kg7 65. Kg5 Kh7 66. Kxh5 Kg7 67.
Kg4 Kh7 68. h5 Kh6 69. Kh4 Kh7 70. Kg5 Na6 71. h6 Nb4 72. Kh5 Na6 73. a5 Nb4 74.
a6 1/2-1/2

[Event "Euro Online U2300 Day 2"]
[Site "chess.com INT"]
[Date "2020.05.26"]
[Round "1"]
[White "Hasanagic, Anel"]
[Black "Ioannidis, Evgenios"]
[Result "0-1"]
[WhiteTitle "CM"]
[BlackTitle "IM"]
[WhiteElo "2235"]
[BlackElo "2401"]
[WhiteFideId "14605791"]
[BlackFideId "4229274"]
[EventDate "2020.05.26"]

1. e4 c5 2. c3 Nf6 3. e5 Nd5 4. Nf3 d6 5. Bc4 e6 6. O-O Nc6 7. Bxd5 exd5 8. Re1
Be7 9. exd6 Qxd6 10. d4 cxd4 11. Nxd4 O-O 12. Be3 Bf6 13. Na3 a6 14. Nac2 Bd7
15. Qf3 Be5 16. g3 Rad8 17. Rad1 Qg6 18. Qg2 Bc7 19. Nxc6 bxc6 20. Nb4 a5 21.
Nd3 Rfe8 22. Bd4 Rxe1+ 23. Nxe1 Re8 24. f3 h5 25. b4 Bc8 26. Nc2 h4 27. Re1
Rxe1+ 28. Nxe1 hxg3 29. hxg3 axb4 30. cxb4 Qb1 31. Qd2 Bxg3 32. Bf2 Bxf2+ 33.
Kxf2 Ba6 34. a4 Qa1 35. a5 d4 36. Nc2 Qb2 37. Ke1 d3 38. Ne3 Qd4 39. Kf2 g6 40.
Kg3 Qe5+ 41. f4 Qe4 42. Ng2 Qd4 43. Ne3 Bb5 44. Ng4 Kf8 45. Ne5 Qe4 46. Nf3 Qc4
47. Kf2 Qc2 48. Kg3 f6 49. Kf2 Kf7 50. Ke3 Qc4 51. Kf2 Qc2 52. Ke3 Qc4 53. Kf2
Kg7 54. Ke3 Qd5 55. Kf2 Qe4 56. Kg3 Bc4 57. Kf2 Bd5 58. Ne1 Qd4+ 59. Kf1 Be4 60.
a6 Qc4 61. a7 Qa6 62. a8=Q Qxa8 63. Qe3 Qa6 64. Kf2 Qc4 65. Nf3 Bxf3 66. Kxf3
Qd5+ 67. Kf2 d2 68. Qe7+ Kh6 69. Qf8+ Kh5 70. Qh8+ Kg4 71. Qc8+ f5 72. Qe8 Qd4+
73. Kg2 Qe4+ 74. Kg1 Qxe8 0-1

[Event "Euro Online U2300 Day 2"]
[Site "chess.com INT"]
[Date "2020.05.26"]
[Round "1"]
[White "Droin, Augustin"]
[Black "Kusa, Jakub"]
[Result "1-0"]
[WhiteTitle "FM"]
[WhiteElo "2313"]
[BlackElo "2177"]
[WhiteFideId "45105987"]
[BlackFideId "395595"]
[EventDate "2020.05.26"]

1. e4 e5 2. Nf3 Nc6 3. Bb5 a6 4. Ba4 Nf6 5. O-O Nxe4 6. d4 b5 7. Bb3 d5 8. dxe5
Be6 9. a4 b4 10. Nbd2 Be7 11. Nxe4 dxe4 12. Bxe6 Qxd1 13. Rxd1 fxe6 14. Ng5 Bxg5
15. Bxg5 Nxe5 16. Re1 Nf7 17. Bf4 Nd6 18. Bxd6 cxd6 19. Rxe4 Kd7 20. Rxb4 Rab8
21. Rxb8 Rxb8 22. b3 Rc8 23. Rc1 d5 24. Kf1 Kd6 25. Ke2 e5 26. f3 d4 27. c3 Rb8
28. cxd4 Rxb3 29. dxe5+ Kxe5 30. Kf2 Rb4 31. Rc5+ Kd4 32. Ra5 Rb6 33. Rf5 Kc4
34. Rf7 Rg6 35. h4 Kb4 36. Rf4+ Kb3 37. g4 a5 38. Kg3 h6 39. h5 Rb6 40. Rf7 g6
41. hxg6 Rxg6 42. Rf4 h5 43. Kh4 hxg4 44. fxg4 Rh6+ 45. Kg3 Rg6 46. Re4 Rg8 47.
Kf4 Rf8+ 48. Ke5 Re8+ 49. Kf5 Rf8+ 50. Ke5 Re8+ 51. Kd5 Rg8 52. Kc5 Rg5+ 53. Kb6
Kc3 54. Rf4 Kd3 55. Ka6 Kc3 56. Kb6 Kd3 57. Kc6 Ke3 58. Rc4 Kd3 59. Rc5 Rxg4 60.
Kb5 Rg8 61. Kxa5 Kd4 62. Rh5 Ra8+ 63. Kb5 Rb8+ 64. Kc6 Rc8+ 65. Kb7 Rc1 66. a5
Rb1+ 67. Kc6 Rc1+ 68. Kb6 Rb1+ 69. Rb5 Ra1 70. a6 Kc4 71. Rc5+ Kb4 72. Rh5 Kc4
73. Rh6 Kd5 74. a7 Rb1+ 75. Kc7 Ra1 76. Kb7 Kc5 77. a8=Q 1-0

[Event "Euro Online U2300 Day 2"]
[Site "chess.com INT"]
[Date "2020.05.26"]
[Round "1"]
[White "Antonica, Dragos-Andrei"]
[Black "Budrewicz, Krzysztof"]
[Result "1-0"]
[WhiteTitle "FM"]
[WhiteElo "2301"]
[BlackElo "2227"]
[WhiteFideId "1246372"]
[BlackFideId "1127950"]
[EventDate "2020.05.26"]

1. d4 Nf6 2. c4 g6 3. Nc3 Bg7 4. e4 d6 5. f3 O-O 6. Be3 e5 7. d5 Nh5 8. Qd2 f5
9. Bd3 c5 10. O-O-O a6 11. Kb1 Nd7 12. Nge2 Ndf6 13. h3 f4 14. Bf2 Bd7 15. g4
fxg3 16. Bxg3 Nxg3 17. Nxg3 Nh5 18. Nxh5 gxh5 19. Rdg1 Kh8 20. Rg2 Qf6 21. Be2
Bh6 22. Qc2 Bf4 23. Qb3 Rab8 24. h4 b6 25. Rhg1 Be3 26. Rh1 Bd4 27. Rg5 h6 28.
Rg2 Rg8 29. Rxg8+ Kxg8 30. Bd1 b5 31. Ne2 b4 32. Nxd4 cxd4 33. Qc2 Rc8 34. Qg2+
Kh7 35. Rg1 Qf7 36. f4 exf4 37. Bxh5 Qf6 38. c5 dxc5 39. e5 Bf5+ 40. Ka1 f3 41.
Qg3 Qf8 42. e6 Qg8 43. Qxg8+ Rxg8 44. Rxg8 Kxg8 45. e7 Bd7 46. Bxf3 Kf7 47. d6
Ke6 48. Bh5 Kxd6 49. e8=Q Bxe8 50. Bxe8 d3 51. Kb1 Ke5 52. Kc1 Kd4 53. Kd2 c4
54. Bg6 c3+ 55. bxc3+ bxc3+ 56. Kd1 a5 57. Bh7 Ke3 58. Bg6 Kd4 59. Bf5 Kc4 60.
Kc1 Kd4 61. Kd1 Ke3 62. Bg6 a4 63. Bf5 a3 64. Bg6 c2+ 65. Kc1 Ke2 66. Bh5+ Ke1
67. Bg4 Kf2 68. Kd2 Kg3 69. Bf5 Kxh4 70. Bxd3 Kg3 71. Kxc2 h5 72. Kb3 h4 73. Be4
Kf4 74. Bc6 Ke5 75. Kxa3 Kd6 76. Bh1 Kc5 77. Kb3 Kb5 78. a4+ Ka5 79. Ka3 h3 80.
Kb3 h2 81. Ka3 Kb6 82. Kb4 Ka6 83. a5 Ka7 84. Ka4 Ka6 85. Kb4 Ka7 86. Kb5 Kb8
87. a6 Ka7 88. Ka5 Kb8 89. Kb6 Kc8 90. a7 1-0

[Event "Euro Online U2300 Day 2"]
[Site "chess.com INT"]
[Date "2020.05.26"]
[Round "1"]
[White "Koskela, Niina"]
[Black "Tzoumbas, Anastasios"]
[Result "1-0"]
[WhiteTitle "WGM"]
[BlackTitle "FM"]
[WhiteElo "2197"]
[BlackElo "2284"]
[WhiteFideId "500755"]
[BlackFideId "4200519"]
[EventDate "2020.05.26"]

1. e4 c5 2. Nf3 d6 3. d4 cxd4 4. Nxd4 Nf6 5. Nc3 a6 6. Be2 e5 7. Nb3 Be7 8. O-O
O-O 9. Be3 Nbd7 10. a4 Qc7 11. a5 Re8 12. Qd2 b5 13. axb6 Nxb6 14. Na5 Be6 15.
Bf3 Nc4 16. Nxc4 Bxc4 17. Rfd1 Rec8 18. Na4 Nd7 19. b3 Be6 20. c4 Rcb8 21. Rdb1
Rb7 22. Nc3 Bf8 23. Nd5 Qc8 24. Qc2 g6 25. h3 h5 26. Qd2 Qb8 27. Ra3 Bxd5 28.
exd5 f5 29. Bh6 Be7 30. Bg5 Nf6 31. Bxf6 Bxf6 32. Qh6 Qe8 33. Bxh5 Rg7 34. Bd1
f4 35. Bc2 e4 36. Qxf4 Bd4 37. Qxe4 Qxe4 38. Bxe4 Rf8 39. Bf3 Ra7 40. b4 Rc8 41.
Be2 Rf7 42. Rf3 Rxf3 43. gxf3 Rb8 44. Bd3 Kg7 45. b5 a5 46. Rb3 Bc5 47. Bb1 a4
48. Rb2 a3 49. Re2 Ra8 50. Ba2 Ra4 51. Kg2 Rb4 52. f4 Kf6 53. Kf3 Kf5 54. Rc2
Bd4 55. Rd2 Bc3 56. Re2 Bd4 57. Rc2 Bc5 58. Rd2 Bb6 59. Rd3 Ra4 60. Bb3 Ra7 61.
Rd2 Bc5 62. Re2 Kf6 63. Re6+ Kf7 64. Re2 Ra8 65. Kg4 Rh8 66. h4 Ra8 67. f5 gxf5+
68. Kxf5 Rh8 69. Kg4 Rg8+ 70. Kh3 Rg1 71. Kh2 Rb1 72. Ba2 Ra1 73. Kg2 Kg6 74.
Kf3 Kh5 75. Ke4 Kxh4 76. Kf5 Rc1 77. Ke6 Kg4 78. Kd7 Kf3 79. Rd2 Bb4 80. Rd3+
Kxf2 81. Rb3 Bc5 82. b6 Ra1 83. b7 Ba7 84. Rxa3 Bb8 85. Ra8 1-0

[Event "Euro Online U2300 Day 2"]
[Site "chess.com INT"]
[Date "2020.05.26"]
[Round "1"]
[White "Materia, Marco"]
[Black "Godzwon, Iwo"]
[Result "1/2-1/2"]
[WhiteTitle "FM"]
[BlackTitle "FM"]
[WhiteElo "2269"]
[BlackElo "2347"]
[WhiteFideId "45150451"]
[BlackFideId "21802483"]
[EventDate "2020.05.26"]

1. d4 Nf6 2. c4 e6 3. Nf3 Bb4+ 4. Nbd2 d5 5. e3 O-O 6. a3 Be7 7. Bd3 b6 8. O-O
Bb7 9. b4 c5 10. bxc5 bxc5 11. Rb1 Qc7 12. Bb2 Nbd7 13. Qe2 cxd4 14. Nxd4 Nc5
15. cxd5 Nxd3 16. Qxd3 Nxd5 17. Rfc1 Qa5 18. Nc4 Qa4 19. Ne5 Rfc8 20. Rxc8+ Rxc8
21. Rc1 Rxc1+ 22. Bxc1 Ba6 23. Qb3 Qxb3 24. Nxb3 Bb5 25. Nd4 Ba4 26. Kf1 Bd6 27.
Nec6 Bc5 28. Ke2 Kf8 29. Kd3 Ke8 30. Kc4 Bb6 31. Bd2 Kd7 32. Ne5+ Ke7 33. e4 Nc7
34. Bb4+ Ke8 35. Nd3 f6 36. f3 e5 37. Nf5 g6 38. Nd6+ Kd7 39. Nc5+ Bxc5 40. Bxc5
a6 41. Kb4 Ne6 42. Nc4 Bb5 43. Ne3 Be2 44. Ba7 Kc6 45. Nd5 f5 46. exf5 gxf5 47.
Ne7+ Kb7 48. Bf2 e4 49. Nxf5 exf3 50. gxf3 Bxf3 51. Kc4 Kc6 52. Ne7+ Kd7 53. Ng8
Be2+ 54. Kc3 h5 55. Kd2 Bf3 56. Ke3 Bd1 57. Bg3 Nc5 58. Kf4 Ke6 59. Nh6 Kf6 60.
Bh4+ Kg6 61. Ng8 Nd3+ 62. Ke3 Ne5 63. h3 Nc4+ 64. Kd4 Nxa3 65. Kc5 Be2 66. Kb6
Nc2 67. Ne7+ Kf7 68. Nd5 Nd4 69. Nf4 Bb5 70. Nxh5 Nf5 71. Bf2 Kg6 72. Nf4+ Kg5
73. Nd5 Kh5 74. Nf6+ Kg6 75. Ne4 Ne7 76. Nc5 Nd5+ 77. Ka5 Bf1 78. h4 Kh5 79. Ne4
Kg4 80. h5 Kxh5 81. Ng3+ Kg4 82. Nxf1 Kf3 83. Ba7 Ke4 84. Kxa6 Nf4 85. Kb5 Nd5
86. Kc4 Nf4 87. Nd2+ Kf5 88. Kd4 Ne6+ 89. Ke3 Ke5 90. Bb8+ Kd5 91. Kd3 Nc5+ 92.
Ke3 Nd7 93. Bh2 Ne5 94. Bg1 Nc4+ 95. Nxc4 Kxc4 1/2-1/2

[Event "Euro Online U2300 Day 2"]
[Site "chess.com INT"]
[Date "2020.05.26"]
[Round "1"]
[White "Kalogeris, Ioannis"]
[Black "Timagin, Petr"]
[Result "1/2-1/2"]
[WhiteTitle "FM"]
[BlackTitle "FM"]
[WhiteElo "2312"]
[BlackElo "2337"]
[WhiteFideId "4239563"]
[BlackFideId "4137698"]
[EventDate "2020.05.26"]

1. e4 c5 2. Nf3 g6 3. d4 cxd4 4. Qxd4 Nf6 5. e5 Nc6 6. Qf4 Nd5 7. Qd2 Nb6 8. Bb5
Bg7 9. Qe2 Qc7 10. Bf4 Nd5 11. Bg3 Qa5+ 12. c3 O-O 13. O-O Nc7 14. Bd3 Ne6 15.
Nbd2 a6 16. a4 Qc7 17. b4 b6 18. Rfe1 Bb7 19. Rac1 a5 20. b5 Ncd8 21. h4 h5 22.
Qe3 Qc5 23. Qe2 Bh6 24. Rc2 Nf4 25. Bxf4 Bxf4 26. Ne4 Qc7 27. Neg5 Ne6 28. Nxe6
dxe6 29. Be4 Rac8 30. Bxb7 Qxb7 31. Qe4 Qxe4 32. Rxe4 Bh6 33. c4 Rfd8 34. Rd4 f6
35. Rxd8+ Rxd8 36. g3 Rd1+ 37. Kg2 Ra1 38. c5 bxc5 39. Rb2 Rd1 40. b6 Rd8 41.
Rb5 Rb8 42. Rxa5 Rxb6 43. Rxc5 Rb2 44. Rc7 Be3 45. Kh3 Rxf2 46. Ne1 Re2 47. Ng2
Bd4 48. Rxe7 Bxe5 49. Rxe6 Ra2 50. Ra6 Ra3 51. Ra8+ Kf7 52. a5 Rxg3+ 53. Kh2
Ra3+ 54. Kg1 Ke6 55. Kf2 Bd4+ 56. Ke2 Kf5 57. Ne1 Ke4 58. Re8+ Be5 59. Ra8 Ra2+
60. Kd1 Bc3 61. a6 Ra1+ 62. Kc2 Bxe1 63. a7 Kf5 64. Re8 Rxa7 65. Rxe1 Ra4 66.
Rf1+ Rf4 67. Rh1 Rd4 68. Kc3 Rd7 69. Rf1+ Ke6 70. Rg1 Kf7 71. Kc4 Kg7 72. Kc5
Rd2 73. Rh1 Kh6 74. Rf1 Rh2 75. Rf4 Rh3 76. Kd5 f5 77. Ke6 Ra3 78. Kf6 Ra6+ 79.
Kf7 Ra7+ 80. Kf6 Ra6+ 81. Kf7 Ra3 82. Kf6 Re3 83. Rc4 Re4 84. Rc8 Kh7 85. Rc7+
Kh6 86. Rc8 Kh7 87. Rc7+ Kh6 88. Rc8 1/2-1/2

[Event "Euro Online U2300 Day 2"]
[Site "chess.com INT"]
[Date "2020.05.26"]
[Round "1"]
[White "Sargissyan, Sargis"]
[Black "Kacprzak, Karol"]
[Result "1-0"]
[WhiteTitle "FM"]
[WhiteElo "2269"]
[BlackElo "1988"]
[WhiteFideId "13303210"]
[BlackFideId "21819327"]
[EventDate "2020.05.26"]

1. e4 c5 2. Nc3 d6 3. d4 cxd4 4. Qxd4 Nc6 5. Qd2 Nf6 6. b3 e6 7. Bb2 a6 8. O-O-O
Be7 9. Kb1 b5 10. f3 Bb7 11. g4 h6 12. h4 Qc7 13. Nh3 O-O-O 14. g5 hxg5 15. hxg5
Nh5 16. Bd3 b4 17. Ne2 d5 18. exd5 Rxd5 19. g6 Rdd8 20. gxf7 Bf6 21. Bxf6 gxf6
22. Nhf4 Nxf4 23. Qxf4 Qxf7 24. Rxh8 Rxh8 25. Nd4 Nxd4 26. Qxd4 Qe7 27. Re1 Kb8
28. f4 Rd8 29. Qc4 Re8 30. Bg6 Rd8 31. Bd3 e5 32. fxe5 fxe5 33. Be4 Rd4 34. Qg8+
Rd8 35. Qg2 Bxe4 36. Qxe4 Re8 37. Kb2 Qc5 38. Re3 Re7 39. Rg3 Ka7 40. Rg8 Qd4+
41. Qxd4+ exd4 42. Rd8 Re4 43. Kc1 Kb6 44. Kd2 Kc7 45. Rd5 Kc6 46. Rd8 Kc7 47.
Rh8 Re3 48. Rh4 Rg3 49. Rxd4 a5 50. Rd5 Kb6 51. Re5 Rh3 52. Rf5 Rg3 53. Kc1 Rg2
54. Kb2 Rh2 55. Re5 Rg2 56. Re6+ Kb5 57. Rf6 Rh2 58. Rf5+ Kb6 59. Rf8 Rg2 60.
Rb8+ Kc6 61. Rc8+ Kb6 62. a3 Rh2 63. axb4 axb4 64. Rc4 Kb5 65. Re4 Rg2 66. Re5+
Kb6 67. Kc1 Rh2 68. Kd1 Rg2 69. Re2 Rg4 70. Kd2 Rd4+ 71. Ke3 Rh4 72. Kd3 Kc5 73.
Re5+ Kc6 74. Re4 Rh3+ 75. Kc4 Rc3+ 76. Kxb4 Rxc2 77. Rc4+ Rxc4+ 78. Kxc4 Kb6 79.
Kb4 Kc6 80. Ka5 Kb7 81. Kb5 Ka7 82. Kc6 Ka8 83. b4 Ka7 84. b5 Kb8 85. Kb6 Ka8
86. Kc7 Ka7 87. b6+ Ka8 88. b7+ Ka7 89. b8=Q+ 1-0

[Event "Euro Online U2300 Day 2"]
[Site "chess.com INT"]
[Date "2020.05.26"]
[Round "1"]
[White "Melnikov, Sergey"]
[Black "Kacharava, Nikolozi"]
[Result "1/2-1/2"]
[BlackTitle "IM"]
[WhiteElo "2039"]
[BlackElo "2437"]
[WhiteFideId "34141062"]
[BlackFideId "13611860"]
[EventDate "2020.05.26"]

1. d4 d6 2. c4 e5 3. d5 f5 4. Nc3 Nf6 5. Bg5 e4 6. e3 Be7 7. Bxf6 Bxf6 8. Nge2
O-O 9. g3 Nd7 10. Nd4 Ne5 11. Be2 c5 12. Ne6 Bxe6 13. dxe6 Re8 14. Qd5 Qe7 15.
Rd1 Rad8 16. O-O Qxe6 17. Qxe6+ Rxe6 18. Nb5 Nc6 19. Rd2 Rd7 20. Rfd1 Be5 21. b3
a6 22. Na3 g5 23. Nc2 Rf6 24. Rb1 f4 25. a3 f3 26. Bf1 a5 27. Rdd1 Bc3 28. Rd5
h6 29. Bh3 Rg7 30. Rbd1 g4 31. Bf1 Rgg6 32. Rb1 Kf7 33. h3 Rg5 34. h4 Rxd5 35.
cxd5 Ne5 36. b4 axb4 37. axb4 b6 38. bxc5 dxc5 39. Na3 Rd6 40. Nb5 Rxd5 41. Nxc3
Rd6 42. Nxe4 Rc6 43. Nc3 Rd6 44. Na4 Nd7 45. Bb5 Ne5 46. Bf1 Nd7 47. Bc4+ Ke7
48. Nc3 Nf6 49. Kf1 Kd7 50. Ke1 Kc6 51. Bb5+ Kb7 52. Bc4 Kc6 53. Bb5+ Kb7 54.
Rd1 Rxd1+ 55. Kxd1 Kc7 56. e4 Kd6 57. Kd2 Ke5 58. Ke3 Ng8 59. Bc6 Ne7 60. Bb5
Ng8 61. Na4 Nf6 62. Bc6 b5 63. Bxb5 Nxe4 64. Bd3 Nf6 65. Nxc5 Nd5+ 66. Kd2 Kd4
67. Nb3+ Ke5 68. Bc4 Nb6 69. Kc3 Nd7 70. Nd2 Nf6 71. Ba6 Nd5+ 72. Kc4 Nb6+ 73.
Kd3 Nd5 74. Nc4+ Kf6 75. Ne3 Nb4+ 76. Ke4 Nxa6 77. Nxg4+ Kg6 78. Kxf3 Nc5 79.
Ne5+ Kf5 80. Nc4 h5 81. Ne3+ Ke5 82. Kg2 Ne4 83. f3 Nd6 84. g4 Kf4 85. Kf2 hxg4
86. Nxg4 Nf5 87. h5 Nh4 88. h6 Kg5 89. Kg3 Nf5+ 90. Kf2 Kg6 91. Ke2 Kh7 92. Kd3
Kg6 93. Ke4 Nd6+ 94. Ke5 Nf7+ 95. Ke6 Ng5+ 96. Ke7 Nxf3 97. Kf8 Ne5 98. Kg8 Nxg4
99. h7 Nf6+ 100. Kf8 Nxh7+ 1/2-1/2

[Event "Euro Online U2300 Day 2"]
[Site "chess.com INT"]
[Date "2020.05.26"]
[Round "2"]
[White "Stan, Andrei-Mihaita"]
[Black "Yelisieiev, Yevhenii"]
[Result "0-1"]
[BlackTitle "IM"]
[WhiteElo "2044"]
[BlackElo "2407"]
[WhiteFideId "1232118"]
[BlackFideId "14139642"]
[EventDate "2020.05.26"]

1. d4 d5 2. c4 e6 3. Nc3 Bb4 4. cxd5 exd5 5. Nf3 Nf6 6. Bg5 Qd6 7. Bxf6 Qxf6 8.
e3 c6 9. Bd3 O-O 10. Qc2 h6 11. a3 Bd6 12. O-O Bg4 13. Be2 Nd7 14. g3 Bxf3 0-1

[Event "Euro Online U2300 Day 2"]
[Site "chess.com INT"]
[Date "2020.05.26"]
[Round "2"]
[White "Budisavljevic, Luka"]
[Black "Megalios, Konstantinos"]
[Result "1-0"]
[WhiteTitle "FM"]
[BlackTitle "IM"]
[WhiteElo "2444"]
[BlackElo "2401"]
[WhiteFideId "960047"]
[BlackFideId "4238044"]
[EventDate "2020.05.26"]

1. d4 Nf6 2. Nf3 e6 3. Bf4 c5 4. e3 cxd4 5. exd4 b6 6. Bd3 Bb7 7. O-O Be7 8. Qe2
d6 9. Nbd2 Nbd7 10. h3 O-O 11. a4 a6 12. Rfe1 Re8 13. Ng5 Bf8 14. Nge4 Nxe4 15.
Nxe4 Nf6 16. Bg5 Be7 17. Bxf6 Bxf6 18. Nxf6+ Qxf6 19. c3 Qe5 20. dxe5 1-0

[Event "Euro Online U2300 Day 2"]
[Site "chess.com INT"]
[Date "2020.05.26"]
[Round "2"]
[White "Tymrakiewicz, Rafal"]
[Black "Grigoryan, Aram"]
[Result "1-0"]
[WhiteTitle "FM"]
[WhiteElo "2253"]
[BlackElo "1996"]
[WhiteFideId "1108832"]
[BlackFideId "13310542"]
[EventDate "2020.05.26"]

1. e4 e6 2. d4 d5 3. e5 c5 4. c3 Nc6 5. Nf3 Nh6 6. a3 cxd4 7. cxd4 Nf5 8. Nc3
Bd7 9. Be2 Nh4 10. Nxh4 Qxh4 11. Be3 Rc8 12. O-O a6 13. f4 f5 14. Na4 Qd8 15.
Nc5 Bxc5 16. dxc5 O-O 17. b4 Be8 18. Qd2 Nd4 19. Qxd4 1-0

[Event "Euro Online U2300 Day 2"]
[Site "chess.com INT"]
[Date "2020.05.26"]
[Round "2"]
[White "Rusu, Vlad"]
[Black "Ruperez Benito, Antonio"]
[Result "1-0"]
[BlackTitle "FM"]
[WhiteElo "1833"]
[BlackElo "2356"]
[WhiteFideId "55623344"]
[BlackFideId "22245049"]
[EventDate "2020.05.26"]

1. e4 e6 2. d4 d5 3. Nc3 Bb4 4. e5 c5 5. a3 Bxc3+ 6. bxc3 Qa5 7. Bd2 Qa4 8. Qg4
Kf8 9. Ra2 Nc6 10. Nf3 Nge7 11. Bd3 b6 12. h4 Ba6 13. O-O Bxd3 14. cxd3 Nf5 15.
Qf4 h5 16. dxc5 bxc5 17. Qxa4 1-0

[Event "Euro Online U2300 Day 2"]
[Site "chess.com INT"]
[Date "2020.05.26"]
[Round "2"]
[White "Zasukhin, Vadim"]
[Black "Sirosh, Ilja"]
[Result "0-1"]
[BlackTitle "IM"]
[WhiteElo "2274"]
[BlackElo "2405"]
[WhiteFideId "4123450"]
[BlackFideId "4500458"]
[EventDate "2020.05.26"]

1. c4 g6 2. d4 Nf6 3. Nc3 d5 4. Qa4+ Bd7 5. Qb3 dxc4 6. Qxc4 Bg7 7. e4 O-O 8. e5
Be6 9. Qb5 Nd5 10. Qxb7 Nxc3 11. bxc3 Bd5 12. Qb2 Nd7 13. Nf3 0-1

[Event "Euro Online U2300 Day 2"]
[Site "chess.com INT"]
[Date "2020.05.26"]
[Round "2"]
[White "Werle, Iozefina"]
[Black "Patrelakis, Evaggelos"]
[Result "0-1"]
[WhiteTitle "WGM"]
[WhiteElo "2300"]
[BlackElo "2259"]
[WhiteFideId "1213261"]
[BlackFideId "4295102"]
[EventDate "2020.05.26"]

1. e4 c5 2. Nf3 d6 3. Bb5+ Nd7 4. O-O a6 5. Bd3 Ngf6 6. c3 b5 7. Bc2 Bb7 8. Re1
Rc8 9. a4 b4 10. d4 cxd4 11. cxd4 Qc7 12. Bd3 Bxe4 13. Bxa6 Rb8 14. Nbd2 Ba8 15.
Nb3 e6 16. Bg5 Be7 17. Rc1 Qa7 18. Bb5 O-O 19. Qd2 Bxf3 20. gxf3 Nb6 21. Qxb4
Nfd5 22. Qa5 Qxa5 23. Nxa5 Bxg5 24. Rc2 Rfc8 25. Nc6 Ra8 26. b3 Ne7 27. Nxe7+
Bxe7 28. Rec1 Rxc2 29. Rxc2 Rc8 30. Rxc8+ Nxc8 31. b4 d5 32. Bd7 Nb6 33. a5 Nxd7
34. b5 Bd8 35. b6 Nxb6 36. axb6 Bxb6 0-1

[Event "Euro Online U2300 Day 2"]
[Site "chess.com INT"]
[Date "2020.05.26"]
[Round "2"]
[White "Tevzadze, Mariam"]
[Black "Guliev, Sarhan"]
[Result "1-0"]
[BlackTitle "GM"]
[WhiteElo "1834"]
[BlackElo "2308"]
[WhiteFideId "13605470"]
[BlackFideId "13400231"]
[EventDate "2020.05.26"]

1. d4 Nf6 2. Nf3 g6 3. c3 Bg7 4. Bf4 d6 5. e3 O-O 6. h3 b6 7. Nbd2 c5 8. Be2 Bb7
9. Bh2 Nc6 10. O-O a6 11. a4 Re8 12. Re1 Qc7 13. Rc1 Rad8 14. Qc2 e5 15. dxe5
Nxe5 16. Nxe5 dxe5 17. Nf3 Ne4 18. Rcd1 Nd6 19. Nd2 f6 20. e4 b5 21. axb5 axb5
22. Bxb5 Nxb5 23. Qb3+ Kh8 24. Qxb5 Re6 25. Nc4 Bxe4 26. Rxd8+ Qxd8 27. Qxc5 Rc6
28. Qa5 Qd7 29. Qa8+ 1-0

[Event "Euro Online U2300 Day 2"]
[Site "chess.com INT"]
[Date "2020.05.26"]
[Round "2"]
[White "Sergeev, Nikita S."]
[Black "Berkovich, Mark A"]
[Result "1/2-1/2"]
[BlackTitle "IM"]
[WhiteElo "1335"]
[BlackElo "2326"]
[WhiteFideId "34253670"]
[BlackFideId "2801639"]
[EventDate "2020.05.26"]

1. d4 Nf6 2. c4 e6 3. Nc3 Bb4 4. Nf3 d5 5. Bf4 O-O 6. e3 c5 7. Be2 cxd4 8. Nxd4
dxc4 9. Bxc4 Nbd7 10. Ne2 e5 11. Bg3 Qc7 12. Qb3 Bxc3+ 13. Nxc3 Nb6 14. Bd3 Be6
15. Qc2 Rac8 16. Rc1 h6 17. O-O Nh5 18. Qe2 Nxg3 19. hxg3 Rfd8 20. Rfd1 Qe7 21.
a3 Bb3 22. Bc2 Bxc2 23. Rxc2 Rxd1+ 24. Qxd1 Qc7 25. Rd2 a6 26. Nd5 Nxd5 1/2-1/2

[Event "Euro Online U2300 Day 2"]
[Site "chess.com INT"]
[Date "2020.05.26"]
[Round "2"]
[White "Papp, Petra"]
[Black "Misini, Burhanudin"]
[Result "1-0"]
[WhiteTitle "WGM"]
[WhiteElo "2338"]
[BlackElo "1999"]
[WhiteFideId "739049"]
[BlackFideId "4701488"]
[EventDate "2020.05.26"]

1. e4 c5 2. Nf3 Nc6 3. Nc3 e6 4. d4 cxd4 5. Nxd4 Nf6 6. Ndb5 Bb4 7. a3 Bxc3+ 8.
Nxc3 d5 9. exd5 exd5 10. Bd3 Bg4 11. f3 Be6 12. O-O h6 13. Kh1 O-O 14. Ne2 Qd7
15. Ng3 Ne5 16. Bf4 Nxd3 17. Qxd3 Rac8 18. Be5 Ne8 19. Bd4 b6 20. Rae1 Nd6 21.
c3 Nc4 22. Re2 Qb5 23. Nh5 Nxa3 24. Qd1 Nc4 25. Bxg7 Rfd8 26. Qd4 Kh7 27. Qf6 1-0